Tem oba-oba no baobá (Record no. 155502)

MARC details
000 -LÍDER
campo de controle de tamanho fixo 00347 a2200145 4500
001 - NÚMERO DE CONTROLE
campo de controle 155502
040 ## - FONTE DA CATALOGAÇÃO
Instituição que transcreveu o registro Escola São Tomás de Aquino
100 ## - ENTRADA PRINCIPAL--NOME PESSOAL
Nome pessoal LINS, Claúdia
240 10 - TÍTULO UNIFORME
Título uniforme Tem oba-oba no baobá
Idioma da obra por
245 10 - TÍTULO
Título Tem oba-oba no baobá
300 ## - DESCRIÇÃO FÍSICA
Extensão 29
440 #1 - DECLARAÇÃO DE SÉRIE/ENTRADA ADICIONADA--TÍTULO
Título Paulinas
697 ## - ENTRADA DE ASSUNTO LOCAL--ENTIDADE COLETIVA (RLIN)
Nome corporativo ou nome da jurisdição Folclore / Adivinhações / Lendas
942 ## - ELEMENTOS DE ENTRADA ADICIONADOS (KOHA)
Tipo de material Koha Livros
Holdings
Situação do descarte Situação das perdas Situação física Não pode ser emprestado Biblioteca de origem Biblioteca atual Data de aquisição Total de empréstimos Número de chamada completo Código de barras Data de último acesso Data do preço efetivo Tipo de material Koha
        ESTA - SÃO BENTO ESTA - SÃO BENTO 30/04/2024   398 LIN TEM EST00009587 30/04/2024 30/04/2024 Livros